| 000 | 01569nam0a2200385 i 4500 | ||
|---|---|---|---|
| 001 | RU\NLR\BIBL_A\010004470 | ||
| 005 | 20260406112034.0 | ||
| 010 |
_a9785992214857 _95000 |
||
| 021 |
_aRU _b2013-79144 _95456 |
||
| 035 | _a(NILC)RuMoRGB-006673981 | ||
| 035 | _a(NLR Aleph) 010004470 | ||
| 090 |
_a9816385 _c9816385 |
||
| 100 | _a20131115d2013 u y0rusy50 ca | ||
| 101 | 0 | _arus | |
| 102 | _aRU | ||
| 105 | _aa|||z|||000ay | ||
| 200 | 1 |
_aДевушка для дракона _eроман _fЕва Никольская, Кристина Зимняя _g[худож.: Е. Никольская] |
|
| 210 |
_aМосква _cАрмада _cАльфа-книга _d2013 |
||
| 215 |
_a375, [2] с. _cил. _d21 |
||
| 225 | 1 |
_aРомантическая фантастика _vвып. 58 |
|
| 225 | 1 | _aФэнтези. Любовный роман. Юмор | |
| 333 | _a16+ | ||
| 675 | _a821.161.1-31 | ||
| 686 | 2 | _aШ6(2=Р)8-445 | |
| 700 | 1 |
_7ca _8rus _aНикольская _bЕ. Г. _cхудожник, писатель _f1977- _gЕва Геннадьевна _9109019 _3RU\NLR\AUTH\77126095 |
|
| 701 | 1 |
_7ca _8rus _aЗимняя _bК. _gКристина _997638 _3RU\NLR\AUTH\77114713 |
|
| 702 | 1 |
_4040 _7ca _8rus _aНикольская _bЕ. Г. _cхудожник, писатель _f1977- _gЕва Геннадьевна _9109019 _3RU\NLR\AUTH\77126095 |
|
| 801 | 0 |
_aRU _bRuMoRKP _c20130930 _gRCR |
|
| 801 | 2 |
_aRU _bРГБ _c20131011 _grcr |
|
| 801 | 1 |
_aRU _bRuMoRKP _c20130930 _2rusmarc |
|
| 942 | _cBOOK | ||
| 980 | _aNBR | ||